Normalización archivística / (Registro nro. 4866)
[ vista simple ]
| 000 -CABECERA | |
|---|---|
| campo de control de longitud fija | 00723nam a22002057a 4500 |
| 005 - FECHA Y HORA DE LA ÚLTIMA TRANSACCIÓN | |
| campo de control | 20260619143615.0 |
| 008 - DATOS DE LONGITUD FIJA--INFORMACIÓN GENERAL | |
| campo de control de longitud fija | 260618b ||||| |||| 00| 0 eng d |
| 040 ## - FUENTE DE LA CATALOGACIÓN | |
| Centro/agencia transcriptor | ENA |
| 100 ## - ENTRADA PRINCIPAL--NOMBRE DE PERSONA | |
| 9 (RLIN) | 6349 |
| Nombre de persona | López Pérez, Rosario |
| 245 ## - MENCIÓN DE TÍTULO | |
| Título | Normalización archivística / |
| Mención de responsabilidad, etc. | Rosario López Pérez |
| Medio | [Recurso electrónico] |
| 260 ## - PUBLICACIÓN, DISTRIBUCIÓN, ETC. | |
| Lugar de publicación, distribución, etc. | Madrid: |
| Nombre del editor, distribuidor, etc. | SEDIC. Asociación Española de Documentación e Información, |
| Fecha de publicación, distribución, etc. | 2011 |
| 300 ## - DESCRIPCIÓN FÍSICA | |
| Extensión | 48 p. |
| 490 ## - MENCIÓN DE SERIE | |
| Mención de serie | Documentos de Trabajo |
| Designación de volumen o secuencia | ; 1 |
| 500 ## - NOTA GENERAL | |
| Nota general | Mayo 2011 - 1a revisión. |
| 500 ## - NOTA GENERAL | |
| Nota general | Texto a dos columnas. |
| 650 #0 - PUNTO DE ACCESO ADICIONAL DE MATERIA--TÉRMINO DE MATERIA | |
| 9 (RLIN) | 897 |
| Término de materia o nombre geográfico como elemento de entrada | Normalización |
| 650 #0 - PUNTO DE ACCESO ADICIONAL DE MATERIA--TÉRMINO DE MATERIA | |
| 9 (RLIN) | 162 |
| Término de materia o nombre geográfico como elemento de entrada | Archivística |
| 710 ## - PUNTO DE ACCESO ADICIONAL--NOMBRE DE ENTIDAD CORPORATIVA | |
| 9 (RLIN) | 6291 |
| Nombre de entidad corporativa o nombre de jurisdicción como elemento de entrada | SEDIC. Asociación Española de Documentación e Información Científica |
| 942 ## - ELEMENTOS DE PUNTO DE ACCESO ADICIONAL (KOHA) | |
| Tipo de ítem Koha | Recursos electrónicos |
No hay ítems disponibles.